MARC

LEADER 00000nab a2200000 a 4500
001 vtls000108220
003 SK-MaSNL
005 20260304074627.0
008 250423c1981 xo 0 slo
015 |a SNBRB19rr/mm-uuuuu 
035 |a CL0118323 
035 |a urn:nbn:sk:snk-abbaob 
035 |a (urnnbn)urn:nbn:sk:snk:ar-0049a6 
035 |a (uuid)f4306d88-686d-4952-be36-950e20dc6166 
040 |a SNKBUCL  |b slo  |c SNKBUCL  |e AACR2 
041 0 |a slo 
044 |a xo  |c SK 
080 |a 860 (729.1)-3  |2 1981 
100 1 |a Arango, Angel,  |d 1926-2013  |4 aut  |9 158180 
245 1 0 |a Pomsta  |c Angel Arango ; Vladimír Ruppeldt 
650 0 7 |a poviedky vedecko-fantastické  |2 snkbucl  |9 315525 
650 0 7 |a literatúra vedecko-fantastická  |2 snkbucl  |9 859091 
655 7 |a články z novín a časopisov  |2 snkbucl  |9 267496 
655 7 |a články z odboru literárna veda a krásna literatúra  |2 snkbucl  |9 770045 
700 1 |a Ruppeldt, Vladimír,  |d 1953-  |4 trl  |9 105425 
773 0 |t Revue svetovej literatúry  |g Roč. 16, č. 7 (1981), s. 145-147 
850 |a Slovenská národná knižnica 
852 |a Slovenská národná knižnica 
958 |a article15 
958 |a RK 
958 |a LX 
958 |a OND 
958 |a EUIPO 
999 |c 2777099  |d 2779029